000 00318 a2200133 4500
000 nam a22 7a 4500
100 _aBhargav
110 _aBhargav
245 _aPrachin Bharatiya Itihas
250 _aLatest edition
260 _bVishav bharti publication
264 _bVishav bharti publication
942 _cBK
999 _c395011
_d395011